Städte mit L nach Bildern - Statistiken

Allgemein
  • Dieses Quiz wurde 374 mal gespielt
  • Das Durchschnittsergebnis liegt bei 9 aus 16
Antwortstatistiken
Bildquiz Hint Antwort % Korrekt
Europa L{ondon}
100%
Nordamerika L{as} {Vegas}
94%
Nordamerika L{os} {Angeles}
83%
Südamerika Li{ma}
81%
Europa Lu{zern}
72%
Europa Li{verpool}
71%
Europa Li{ssabon}
67%
Europa Lj{ubljana}
67%
Asien Lh{asa}
57%
Südamerika L{a} P{az}
52%
Europa Li{mburg}
35%
Europa Li{ndau}
35%
Afrika Lu{xor}
32%
Europa L{yon}
25%
Asien La{hore}
24%
Europa Llan{dudno}
3%
Keine übereinstimmenden Quizze gefunden
Verteilung der Resultate
Anzahl Personen mit jedem Resultat
Perzentil nach korrekt beantworteten Fragen
Ihre Resultats-Entwicklung
Sie haben dieses Quiz noch nicht gespielt